| 000 | 00452nam a22001817a 4500 | ||
|---|---|---|---|
| 003 | OSt | ||
| 005 | 20180116183005.0 | ||
| 008 | 150806b xxu||||| |||| 00| 0 eng d | ||
| 020 | _a9780074630174 | ||
| 040 | _c0 | ||
| 082 |
_22nd _a657 JEE 2014 |
||
| 100 | _aA. Mukherjee | ||
| 245 |
_aModern Accountancy _cA. Mukherjee |
||
| 260 |
_aIndia _bMcGraw Hill _c2014 |
||
| 300 |
_a600 p. approx _bPB |
||
| 440 |
_aModern Accountancy _v1 |
||
| 942 |
_2ddc _cBK |
||
| 999 |
_c350033 _d350033 |
||